Management Dictionary Fachwörterbuch für Betriebswirtschaft, Wirtschafts- und Steuerrecht und Datenverarbeitun
Enregistré dans:
| Auteur principal: | |
|---|---|
| Autres auteurs: | |
| Format: | Livre |
| Langue: | allemand |
| Publié: |
Berlin
Gruyter and Co.
1968
|
| Édition: | 5. durchgesehene und erweitere Aufl. |
| Tags: |
Pas de tags, Soyez le premier à ajouter un tag!
|
MARC
| LEADER | 00000nam a2200000 4500 | ||
|---|---|---|---|
| 001 | c022980 | ||
| 005 | 20221220102137.3 | ||
| 041 | 0 | |a ger | |
| 044 | |a DE | ||
| 245 | 1 | 0 | |a Management Dictionary |b Fachwörterbuch für Betriebswirtschaft, Wirtschafts- und Steuerrecht und Datenverarbeitun |c Werner Sommer, Hans-Martin Schönfeld |
| 250 | |a 5. durchgesehene und erweitere Aufl. | ||
| 264 | 1 | |a Berlin |b Gruyter and Co. |c 1968 | |
| 300 | |a 290 s. | ||
| 100 | 1 | |a Sommer, Werner | |
| 700 | 1 | |a Schönfeld, Hans-Martin | |